| 000 | 00602nam a2200253Ia 4500 | ||
|---|---|---|---|
| 008 | 170711s9999 xx 000 0 und d | ||
| 020 | _a9781592286201 | ||
| 050 | _a796.3 | ||
| 050 | _bL911 2005 | ||
| 100 | _aLover, Stanley | ||
| 245 | _aSoccer : | ||
| 245 | _breles explained / | ||
| 245 | _cby Stanley Lover ; foreword by J.S. Blatter. | ||
| 260 | _aUSA : | ||
| 260 | _bLyons Press, | ||
| 260 | _c2005 | ||
| 300 | _axii, 187 pages : | ||
| 300 | _billustrations ; | ||
| 300 | _c21cm. | ||
| 500 | _aIncludes index. | ||
| 650 | _aSoccer -- | ||
| 650 | _xRules. | ||
| 700 | _aTitle. | ||
| 999 |
_c339910 _d339910 |
||